00488nam a2200145Ia 4500008004100000041000800041082001600049100002200065245004500087260002700132300003300159365001100192999001700203952012200220240624s9999 xx 000 0 und d aeng a006.312 BER aBERRY MICHAEL J A aMASTERING DATA MINING THE ART AND SCIENC c2014aNew DelhibWiley axviii, : 494 : p. : cm. ; 25 cRSb33 c25555d25555 00104070aIMTNbIMTNcRack 3-Bd2015-11-23eVBCg649.00o006.312 BERp25555r2024-06-24 00:00:00t1w2024-06-24yBK